000 00784cab a2200253 4500
001 ABS58266
008 090401t1998 xxu||||| |||| 00| 0 eng d
035 _a(Sirsi) u84544
041 _aeng
100 _aBrett, M.
245 _aFalling rents, crazy values
260 _c1998
350 _a0
490 _aEstates Gazette
_v(9808) 21 February 1998, 54-55(2)
520 _aExamines the effects of the commercial property market carsh of the early 1990s and the emergence of over-rented property.
650 _aOVER-RENTED PROPERTY
650 _aPROPERTY MARKET CRASH
650 _aRECESSION
650 _aRENTAL LEVELS
650 _aUPWARD ONLY RENT REVIEWS
690 _aPROPERTY-COMMERCIAL PROPERTY-COMMERCIAL PROPERTY MARKET
942 _n0
948 _c26/02/1998
999 _c53133
_d53133